01142 a2200205 45000010006000000050017000060080041000230030015000640400040000790800022001192450132001410200018002732640043002913000019003345050335003531000028006886500056007168560106007726500058008782423520260407155527.0260407a2013 arg spa dAR-UNSa-BCEJYS aAR-UNSa-BCEJYSbspacAR-UNSa-BCEJYS a657xContabilidad10aNormas contables para entes cooperativospAnálisis y aplicación de la RT Nº 24 de la FACPACE y sus normas complementarias. a978-987-157-7 1aBuenos Aires :bOsmar D. Buyattic2013 a314 p.c22 cm. a1º Parte: Cuestiones previas al estudio de las normas: 1. El contexto normativo vigente para las cooperativas - 2. Conceptos previos e introductorios a la emisión de las normas de la RT24 - 2º Parte: Normas referidas a los estados contables básicos, a la información complementaria y aplicación práctica de las mismas 1 aTorres, Carlos Federico aRESOLUCION TECNICA Nº 24 RESOLUCION TECNICA Nº 3641uhttps://biblioeco.unsa.edu.ar/pmb/images/libros/Entes Cooperativos.jpgyImagen de portadaqimage/jpeg a resolucion tecnica nº 24 resolucion tecnica nº 36